| 000 | 00571nam a2200157 i 4500 | ||
|---|---|---|---|
| 001 | 32224 | ||
| 003 | ES-MaACL | ||
| 005 | 20230906154533.0 | ||
| 007 | t| | ||
| 008 | 030130s1934 sp ||||1| spa d | ||
| 100 | 1 |
_aBenítez de Lugo, Luis. _927630 |
|
| 245 | 1 | 0 |
_aDe la cuestión frutera _b: indefensión de nuestra economía agrícola : la repulsa a las situaciones reclamadas por la agricultura consumará su ruina / _cpor Luis Benítez de Lugo. |
| 260 |
_aOrotava : _b[s.n., _c1934] ( _fAntonio Herreros) |
||
| 300 |
_a23 h. ; _c28 cm. |
||
| 852 |
_aES-MaACL _j1766-F-24 |
||
| 999 |
_c32224 _d32224 |
||